000 00358nam a2200133Ia 4500
008 240624s9999 xx 000 0 und d
041 _aeng
082 _a658.5 ALL
100 _aALLEN KATHLEEN R
245 _aBRINGING NEW TECHNOLOGY TO MARKET
260 _c2005
_aNew Delhi
_bPrentice-Hall of India
300 _axv, : 367 : p. : cm. ; 23
365 _cRS
_b35
999 _c15000
_d15000